Welcome to CU Library Online Public Access Catalogue (OPAC)

The Functional Aspects of Communication Skills (Record no. 9725)

MARC details
000 -LEADER
fixed length control field 00447nam a22001577a 4500
005 - DATE AND TIME OF LATEST TRANSACTION
control field 20260430123131.0
008 - FIXED-LENGTH DATA ELEMENTS--GENERAL INFORMATION
fixed length control field 260430b |||||||| |||| 00| 0 eng d
020 ## - INTERNATIONAL STANDARD BOOK NUMBER
International Standard Book Number 8188458317
020 ## - INTERNATIONAL STANDARD BOOK NUMBER
International Standard Book Number 9788188458318
050 ## - LIBRARY OF CONGRESS CALL NUMBER
Classification number PE71 PRA
100 ## - MAIN ENTRY--PERSONAL NAME
Personal name Prasad P.
245 ## - TITLE STATEMENT
Title The Functional Aspects of Communication Skills
Statement of responsibility, etc. P. Prasad
250 ## - EDITION STATEMENT
Edition statement 4th Revised Ed.
260 ## - PUBLICATION, DISTRIBUTION, ETC.
Place of publication, distribution, etc. New Delhi
Name of publisher, distributor, etc. S. K. Kataria & Sons
Date of publication, distribution, etc. 2008
942 ## - ADDED ENTRY ELEMENTS (KOHA)
Source of classification or shelving scheme Library of Congress Classification
Koha item type Books
Edition 4th Revised Ed.
Suppress in OPAC No
999 ## -
-- 9725
-- 9725
Holdings
Withdrawn status Lost status Source of classification or shelving scheme Damaged status Not for loan Collection Home library Current library Shelving location Date acquired Total checkouts Full call number Barcode Date last seen Copy number Price effective from Koha item type
    Library of Congress Classification     Non-fiction Business Library (Miotso) Business Library (Miotso) General stacks 03/27/2026   PE71 PRA BSSM00004028 04/30/2026 1 03/27/2026 Books
    Library of Congress Classification     Non-fiction Business Library (Miotso) Business Library (Miotso) General stacks 03/27/2026   PE71 PRA BSSM00004029 04/30/2026 2 03/27/2026 Books
    Library of Congress Classification     Non-fiction Business Library (Miotso) Business Library (Miotso) General stacks 03/27/2026   PE71 PRA BSSM00004030 04/30/2026 3 03/27/2026 Books
© 2023-2024 Copyright: Central University Libraries. All Rights Reserved | Created by: Mahone Tech Office